000
00227 a2200109 4500
020
_a
9789580506089
041
_a
spa
100
_a
Jairo Camacho
245
_a
Historia Unversal la huella del Hombre
942
_c
BK
952
_7
4
999
_c
17813
_d
17813